|
|
|
|
| LEADER |
00722nmm a2200217 a 4500 |
| 001 |
0000077532 |
| 005 |
20050811090000.0 |
| 040 |
|
|
|a mod
|
| 041 |
|
|
|a eng
|
| 020 |
0 |
0 |
|a 07817147368
|
| 090 |
0 |
0 |
|a 610.73
|b TIM
|c f
|e 2005
|
| 100 |
1 |
0 |
|a Timby
|h Barbara Kuhn
|
| 245 |
1 |
0 |
|a Fundamental nursing skills and concepts
|c Barbara Kuhn Timby
|
| 250 |
0 |
0 |
|a 8th ed.
|
| 260 |
0 |
0 |
|a Philadelphia
|b Lippincott Williams & Wilkins
|c 2005
|
| 300 |
0 |
0 |
|a xix, 887 p.
|b ill.
|c 227 cm + 1 Computer optical disc (4 3/4 in)
|
| 500 |
0 |
0 |
|a Includes index
|
| 650 |
0 |
0 |
|a Nursing care
|
| 650 |
0 |
0 |
|a Nursing
|
| 999 |
|
|
|a 02286
|b INSAN
|d COMPACT DISC
|e Sumber Media
|f INSAN
|j AVAILABLE
|q GOOD CONDITION
|
| 999 |
|
|
|a 0232693
|b INSAN
|d BOOKS
|e Rujukan
|f INSAN
|j AVAILABLE
|q GOOD CONDITION
|